000 00662nam0a22002171 4500
001 v19\rc\1771470
005 20250619071143.0
035 _a(NLR Aleph) 004868845
090 _a5080696
_c5080696
100 _a20061204d1903 |||y0rusy50 ca
101 0 _arus
102 _aRU
105 _ay z |||||
200 1 _aСказание о трех лилиях, двух лягушках и змее с золотой короной
210 _aМосква
_d1903
700 1 _aШиль
_bС.Н.
_f1863-1928
_gСофья Николаевна
801 0 _aRU
_bNLR
_gpsbo
801 1 _aRU
_bProSoft-M
_2rusmarc
852 _aNLR
_j34.83.8.584
942 _cBOOK
980 _aNB